000 00232 a2200097 4500
001 34272
100 _aArnold Beicham
245 _aAndropou : New challenge to the West
260 _aNY
_bStein and Day
_c1971
090 _c22680
_d22680
942 _aNUST-CAE
_cM
_c14092
999 _c269345
_d269345